000 00377nam a2200133Ia 4500
008 100328s9999 xx 000 0 und d
082 _b21616
100 _aप्रभू वामन
245 _aआकाश पाळणा
260 _bमॅजेस्टिक
630 _aआकाश पाळणा
730 _aआकाश पाळणा
942 _cBOOK
999 _c515617
_d515614